Państwa Europy przed II wojną światową z mapą - Statystyki

Ogólne statystyki
  • Ten quiz został rozwiązany 12 603 razy
  • Średni wynik to 32 z 33
Odpowiedzi na mapie
Odpowiedzi zakodowano w zielono-czerwonej skali na mapie do tego quizu, zgodnie z poniższymi procentami.
 
Statystyki odpowiedzi
Państwa % Poprawnych
Niemcy
99%
Polska
99%
Estonia
98%
Finlandia
98%
Francja
98%
Hiszpania
98%
Litwa
98%
Łotwa
98%
Norwegia
98%
Portugalia
98%
Szwecja
98%
Wielka Brytania
98%
Włochy
98%
Belgia
97%
Dania
97%
Grecja
97%
Holandia
97%
Irlandia
97%
Rumunia
97%
Szwajcaria
97%
Związek Radziecki
97%
Islandia
96%
Luksemburg
96%
Watykan
96%
Andora
95%
Bułgaria
95%
San Marino
95%
Węgry
95%
Jugosławia
94%
Monako
94%
Słowacja
94%
Liechtenstein
93%
Gdańsk
86%
Nie znaleziono quizów pasujących do podanych kryteriów
Rozkład punktacji
Procent ludzi z każdym wynikiem
Percentyl według liczby udzielonych odpowiedzi
Twoja historia wyników
Nie rozwiązałeś tego quizu